Olympique Lyonnais 2022/2023 - Statistiques

Statistiques générales
  • Ce quiz a été pris 88 fois
  • Le résultat moyen est 48 sur 147
Statistiques - réponses
Match Score % Correct
Nantes vs OL 1-0
75%
Nice vs OL 3-1
71%
Lacazette
71%
Paris SG vs OL 0-1
70%
OL vs Ajaccio 2-1
70%
OL vs Montpellier 5-4
70%
OL vs Marseille 1-2
68%
Clermont vs OL 2-1
68%
OL vs Reims 3-0
68%
Marseille vs OL 1-0
64%
OL vs Monaco 3-1
64%
OL vs Paris SG 0-1
62%
OL vs Nantes 1-1
61%
Auxerre vs OL 2-1
61%
OL vs Clermont 0-1
59%
Reims vs OL 1-1
59%
Toulouse vs OL 1-2
59%
OL vs Metz 2-1
59%
OL vs Lens 2-1
59%
Chambéry vs OL 0-3
58%
OL vs Toulouse 1-1
58%
Montpellier vs OL 1-2
58%
OL vs Grenoble 2-1
58%
31
58%
OL vs Rennes 3-1
58%
Rennes vs OL 3-2
58%
Barcola
58%
Angers vs OL 1-3
57%
OL vs Auxerre 2-1
57%
OL vs Troyes 4-1
57%
Ajaccio vs OL 0-2
55%
OL vs Nice 1-1
55%
OL vs Strasbourg 1-2
55%
Lorient vs OL 3-1
55%
Lille vs OL 3-3
55%
Nantes vs OL 0-0
54%
Lens vs OL 1-0
54%
Strasbourg vs OL 1-2
54%
7
54%
OL vs Lille 1-0
52%
Monaco vs OL 2-1
51%
OL vs Angers 5-0
51%
Brest vs OL 2-4
49%
Troyes vs OL 1-3
48%
6
48%
Cherki
48%
Tetê
48%
5
46%
OL vs Lorient 0-0
45%
OL vs Brest 0-0
43%
4
43%
Lukeba
43%
Caqueret
42%
2
41%
Barcola
39%
Caqueret
39%
10
38%
3
38%
Toko Ekambi
38%
1
36%
62
36%
Dembélé
35%
Jeffinho
35%
6
33%
Lopes
33%
Inter vs OL 2-2
32%
7
32%
Lacazette
32%
Lopes
32%
5
30%
Caqueret
30%
Cherki
30%
Ajaccio
29%
Lacazette
29%
Lovren
29%
Lukeba
29%
Tolisso
29%
Cherki
28%
2
26%
Aouar
26%
Riou
26%
1
25%
Sarr
25%
Tagliafico
25%
Tagliafico
25%
OL vs Monza 1-2
23%
El Arouch
22%
Mendes
22%
Sarr
22%
Tagliafico
22%
Bourg-Péronnas vs OL 2-4
20%
Diomande
20%
Lovren
20%
Tolisso
20%
47
19%
65
19%
Diomande
19%
Lepenant
19%
Lepenant
19%
Mendes
19%
Toko Ekambi
19%
Feyenoord vs OL 0-2
17%
Boateng
17%
Gusto
17%
Sarr
17%
OL vs Sochaux 1-1
16%
Willem II vs OL 5-0
16%
Barcola
16%
Kumbedi
16%
Strasbourg
16%
OL vs Dynamo Kiev 1-3
14%
OL vs Dynamo Kiev 3-0
14%
Aouar
14%
Jeffinho
14%
Dembele
13%
Faivre
13%
Henrique
13%
Montpellier
13%
Tetê
13%
Tetê
13%
OL vs Lille 2-2 (4-2)
12%
Anderlecht vs OL 3-0
12%
OL vs Louvain 5-3
12%
Reine-Adelaïde
12%
Bonnevie
10%
Kumbedi
10%
Lega
10%
Aouar
9%
Paqueta
9%
Patouillet
9%
Tolisso
9%
Anderlecht vs OL 2-3
7%
Dembélé
6%
Gusto
6%
Sarr
6%
Liverpool vs OL 1-3 (3-5)
4%
Da Silva
4%
Henrique
4%
Kadewere
4%
Lepenant
4%
Toko Ekambi
4%
Arsenal vs OL 3-0 (2-1)
3%
Faivre
3%
Jeffinho
3%
Laaziri
3%
Mendes
3%
Dib
0%
Aucun quiz correspondant
Distribution des résultats
% des personnes avec chaque résultat
Percentile par nombre de réponses
Votre historique - résultats
Vous n’avez pas pris ce quiz